Six Letter Geography - H - Statistics

General Stats
  • This quiz has been taken 55 times
  • The average score is 8 of 10
Answer Stats
Hint Answer % Correct
Capital and biggest city of Cuba Havana
100%
US State which the above happened in Hawaii
100%
Place of a Japanese attack on the United States Pearl {Harbor}
100%
Measurement from the top to the bottom Height
91%
Capital city of Zimbabwe Harare
87%
Biggest bay in the world, and in Canada {Hudson} Bay
87%
Largest island of Japan by area and population Honshu
85%
Capital and most populous city of Tasmania Hobart
75%
Capital city of Montana Helena
60%
Biggest city of Heilongjiang, China Harbin
30%
No matching quizzes found
Score Distribution
Percent of People with Each Score
Percentile by Number Answered
Your Score History
You have not taken this quiz